Welcome to CU Library Online Public Access Catalogue (OPAC)

The Psychology of Written Composition (Record no. 9559)

MARC details
000 -LEADER
fixed length control field 00473nam a22001577a 4500
005 - DATE AND TIME OF LATEST TRANSACTION
control field 20260422180554.0
008 - FIXED-LENGTH DATA ELEMENTS--GENERAL INFORMATION
fixed length control field 260422b |||||||| |||| 00| 0 eng d
020 ## - INTERNATIONAL STANDARD BOOK NUMBER
International Standard Book Number 0858596475
050 ## - LIBRARY OF CONGRESS CALL NUMBER
Classification number P301.5 .P75
Item number B47
100 ## - MAIN ENTRY--PERSONAL NAME
Personal name Bereiter, Carl
245 ## - TITLE STATEMENT
Title The Psychology of Written Composition
Statement of responsibility, etc. Carl Bereiter & Marlene Scardamalia
260 ## - PUBLICATION, DISTRIBUTION, ETC.
Place of publication, distribution, etc. New York
-- London
Name of publisher, distributor, etc. Routledge
Date of publication, distribution, etc. 1987
300 ## - PHYSICAL DESCRIPTION
Extent xxi. 389p.
Other physical details ill.
Dimensions 23.5cm
700 ## - ADDED ENTRY--PERSONAL NAME
Personal name Scardamalia, Marlene
942 ## - ADDED ENTRY ELEMENTS (KOHA)
Source of classification or shelving scheme Library of Congress Classification
Koha item type Books
Suppress in OPAC No
999 ## -
-- 9559
-- 9559
Holdings
Withdrawn status Lost status Source of classification or shelving scheme Damaged status Not for loan Collection Home library Current library Shelving location Date acquired Total checkouts Full call number Barcode Date last seen Copy number Price effective from Koha item type
    Library of Congress Classification     Non-fiction Business Library (Miotso) Business Library (Miotso) General stacks 04/22/2026   P301.5 .P75 B47 BER BSSM00003642 04/22/2026 1 04/22/2026 Books
    Library of Congress Classification     Non-fiction Business Library (Miotso) Business Library (Miotso) General stacks 04/22/2026   P301.5 .P75 B47 BER BSSM00003643 04/22/2026 2 04/22/2026 Books
© 2023-2024 Copyright: Central University Libraries. All Rights Reserved | Created by: Mahone Tech Office